Capitals of 1-st level subdivisions in Germany from east to west - Statistics

General Stats
  • This quiz has been taken 26 times
  • The average score is 14 of 16
Answer Stats
Longitude (DD) Answer % Correct
2 13.38 Berlin
100%
1 13.74 Dresden
100%
5 11.58 München
100%
16 6.77 Düsseldorf
94%
3 13.06 Potsdam
94%
15 7.00 Saarbrücken
94%
11 9.18 Stuttgart
94%
12 8.81 Bremen
89%
7 11.03 Erfurt
89%
9 9.99 Hamburg
89%
10 9.74 Hannover
89%
4 11.63 Magdeburg
89%
8 10.14 Kiel
78%
13 8.27 Mainz
78%
6 11.41 Schwerin
78%
14 8.24 Wiesbaden
78%
No matching quizzes found
Score Distribution
Percent of People with Each Score
Percentile by Number Answered
Your Score History
You have not taken this quiz